| 000 | 00533nam a22001697a 4500 | ||
|---|---|---|---|
| 003 | 0 | ||
| 005 | 20160609170012.0 | ||
| 008 | 101110t xxu||||| |||| 00| 0 eng d | ||
| 040 |
_aBUAC _cBEPAC |
||
| 100 |
_aHoueto , Prisca _910660 |
||
| 130 |
_lfr _910661 |
||
| 245 | _aContribution à une meilleure pratique de l'évaluation de la performance des réactifs destinés au dépistage de l'infection à VIH/SIDA | ||
| 300 | _aXVI-55p. | ||
| 650 |
_aINFECTION _bVIH/SIDA _910662 |
||
| 700 |
_aKpodohoun , Inès _910663 |
||
| 942 | _cTHE | ||
| 999 |
_c48133 _d48133 |
||